Antagonizmus ako podnet pre syntézu proteináz u húb z rodu Trichoderma bakalárska práca

Guardado en:
Detalles Bibliográficos
Autor principal: Lefkovitšová, Veronika
Formato: Libro
Lenguaje:eslovaco
Publicado: Bratislava STU FCHPT 2019
Acceso en línea:Ver en el OPAC
Etiquetas: Agregar Etiqueta
Sin Etiquetas, Sea el primero en etiquetar este registro!

MARC

LEADER 00000nam a2200000 a 4500
005 20260127134046.0
008 190806 2019 xo a 001 0 slo d
035 |a vtls011880400 
039 9 |y 201908061305  |z mschk03 
040 |a STUSCHK1  |b slo  |c STUSCHK1  |e AACR2 
100 1 |a Lefkovitšová, Veronika 
245 1 |a Antagonizmus ako podnet pre syntézu proteináz u húb z rodu Trichoderma  |b bakalárska práca  |c Veronika Lefkovitšová 
260 |a Bratislava  |b STU FCHPT  |c 2019 
300 |a 40 s.  |b Obr.  |c 25 cm 
500 |a Študijný program: biotechnológia a potravinárska technológia 
500 |a Študijný odbor: biotechnológie 
500 |a Školiace pracovisko: Ústav biochémie a mikrobiológie 
500 |a Evid. číslo: FCHPT-13567-81537 
910 |a SCHK95 
999 |c 3122  |d 3122